000 01317cam a22003617a 4500
003 CHAP
005 20220329141849.0
008 980316d1997 mx b r 00110 spa d
010 _a74959
011 _a75931
035 _a85504
040 _cCHAP
090 _aTesis
100 0 0 _aFus Romo, Francisco Manuel.
_944081
245 1 0 _aAnálisis de rentabilidad de la producción anual del sistema café orgánico en la región del Soconusco, Chiapas
_c/por Francisco Manuel Fus Romo
260 _aChapingo, Méx. :
_bEl autor,
_c1997.
300 _a90 h. :
_bmapa ; gráfs. ; anexos
502 _aTesis (Ing. Agr. Esp. en Economía Agrícola) -- UACH. Departamento de Economía Agrícola
590 _aALEPH
_b10
_c20130110
_lUCH01
_h1422
590 _aBATCH-UPD
_b10
_c20130110
_lUCH01
_h0756
590 _aBATCH-UPD
_b10
_c20130410
_lUCH01
_h0436
590 _aBATCH-UPD
_b10
_c20130914
_lUCH01
_h0811
590 _aCONVERSION
_b10
_c20130109
_lUCH01
_h1341
650 1 4 _aCafé orgánico.
_917217
650 1 4 _aCafé
_xChiapas.
_917115
650 1 4 _aCafé
_xCostos de producción.
_917120
650 1 4 _aCafé
_xRendimiento.
_917196
901 _aBK
905 _aLilia Sánchez G.
942 _cFOLL
949 _bBC
_cTES
_d33724000585741
_eTS2
_fc.2
_h32383
_i85504
_si
949 _bBC
_cTES
_d855041
_eTS1
_h32382
_i85504
_sb
999 _c74959
_d74959